000 01053pam a2200349 a 4500
001 19061
003 OSt
005 20260414090830.0
008 860402s1986 maua b 001 0 eng
010 _a 86009767
020 _a0879236361
020 _a9780879236366
035 _a2878084
040 _aDLC
_cDLC
_dDLC
050 0 0 _aZ250.A2
_bT73 1986
082 0 0 _a686.224 TRA
_219
100 1 _aTracy, Walter.
245 1 0 _aLetters of credit :
_ba view of type design /
_cWalter Tracy.
250 _a1st U.S. ed.
260 _aBoston :
_bD.R. Godine,
_c1986.
300 _a219 p. :
_bill. ;
_c26 cm.
336 _atext
_btxt
_2rdacontent
337 _aunmediated
_bn
_2rdamedia
338 _avolume
_bnc
_2rdacarrier
500 _aIncludes index.
504 _aBibliography: p. [215]-219.
650 0 _aType and type-founding
_xHistory
_y20th century.
650 0 _aType and type-founding.
906 _a7
_bcbc
_corignew
_d1
_eocip
_f19
_gy-gencatlg
942 _2ddc
_cBK
_n0
999 _c10048
_d10048